Total Quality Control / (Record no. 1814)

MARC details
000 -LEADER
fixed length control field 00561nam a2200205 a 4500
003 - CONTROL NUMBER IDENTIFIER
control field PK-NaQUE
005 - DATE AND TIME OF LATEST TRANSACTION
control field 20251105095253.0
008 - FIXED-LENGTH DATA ELEMENTS--GENERAL INFORMATION
fixed length control field 251105b ||||| |||| 00| 0 eng d
020 ## - INTERNATIONAL STANDARD BOOK NUMBER
International Standard Book Number 0070203539 (hardcover)
020 ## - INTERNATIONAL STANDARD BOOK NUMBER
International Standard Book Number 9780070203532 (hardcover)
040 ## - CATALOGING SOURCE
Transcribing agency QUEST
100 1# - MAIN ENTRY--PERSONAL NAME
Personal name Feigenbaum, A. V.
245 10 - TITLE STATEMENT
Title Total Quality Control /
250 ## - EDITION STATEMENT
Edition statement 3rd ed.
260 ## - PUBLICATION, DISTRIBUTION, ETC. (IMPRINT)
Place of publication, distribution, etc [S.l.] :
Name of publisher, distributor, etc McGraw-Hill,
Date of publication, distribution, etc 1983.
300 ## - PHYSICAL DESCRIPTION
Extent 851 p. ;
650 ## - SUBJECT ADDED ENTRY--TOPICAL TERM
Topical term or geographic name as entry element Quality control
856 40 - ELECTRONIC LOCATION AND ACCESS
Uniform Resource Identifier <a href="http://10.10.170.122:8080/browse/book/24973">http://10.10.170.122:8080/browse/book/24973</a>
Link text Download eBook
942 ## - ADDED ENTRY ELEMENTS (KOHA)
Koha item type Books
Source of classification or shelving scheme Dewey Decimal Classification
Holdings
Withdrawn status Lost status Damaged status Not for loan Home library Current library Date acquired Cost, normal purchase price Total Checkouts Full call number Barcode Date last seen Date checked out Price effective from Koha item type
        Central Library, QUEST, Nawabshah Central Library, QUEST, Nawabshah 08/05/2014 168.54 1 658.562FEI 12940 06/11/2018 13/09/2017 08/05/2014 Books
        Central Library, QUEST, Nawabshah Central Library, QUEST, Nawabshah 08/05/2014 168.54 1 658.562FEI 12942 22/10/2018 22/08/2017 08/05/2014 Books
        Central Library, QUEST, Nawabshah Central Library, QUEST, Nawabshah 08/05/2014 168.54   658.562FEI 12944 08/05/2014   08/05/2014 Books
        Central Library, QUEST, Nawabshah Central Library, QUEST, Nawabshah 08/05/2014 194.00   658.562FEI 13998 01/01/2024   01/01/2024 Books
        Reference Section Reference Section 08/05/2014 168.54   658.562FEI(Shelf - 85A) 12943 08/05/2014     Books
        Seminar Library, Mechanical Engg. Seminar Library, Mechanical Engg. 08/05/2014 168.54   658.562FEI 12941 08/05/2014   08/05/2014 Books